| 000 | 00739nam a2200217 a 4500 | ||
|---|---|---|---|
| 005 | 20250523063816.0 | ||
| 008 | 010611s1998 r 000 0 eng d | ||
| 020 | _a8479602406 | ||
| 035 | _aUPN01000108085 | ||
| 049 | _aCG | ||
| 050 | 4 |
_aJC571 _bG3.2 |
|
| 100 | 1 | _aGarcía Moriyón, Félix. | |
| 245 | 1 | 0 |
_aDerechos humanos y educación : _btextos fundamentales : textos complementarios / _cFélix García Moriyón. |
| 260 |
_aMadrid : _bEdiciones de la Torre, _c1998. |
||
| 300 | _a536 p. | ||
| 440 | 0 |
_aProyecto didáctico Quirón ; _v125 |
|
| 590 | _a(También localizas un ejemplar en el "Area de Reserva") | ||
| 590 | _aBibliografía Básica (BGTQ) | ||
| 650 | 4 |
_aDerechos humanos _xEstudio y enseñanza _913360 |
|
| 905 | _aLibro | ||
| 999 |
_c81997 _d81997 |
||